000
00416nam a22001217a 4500
040
_c
RUA
082
_a
ACI អ៊ុក 2011 A126 Or.
100
_a
អ៊ុក ម៉ាការា
245
_a
បង្គុំបច្ចេកទេសបង្កើនផលិតភាពដំណាំស្រូវ
260
_a
PHNOM PENH
_b
RUA
_c
2011
300
_a
vi,
_b
ill,
_c
22cm,
942
_c
សៀវភៅគោល
999
_c
25393
_d
25393